000 00885nam a2200253 a 4500
001 8285
003 BD-RjUL
005 20211208234546.0
008 160907s1966 nyua b 001 0 eng d
035 _a(BD-RjUL)8330
040 _aDLC
_cOYU
_dOCoLC
_dUk
_dDLC
_d(BD-RjUL)
_beng
041 _aeng
082 0 0 _a530
_bOLM 1966
_223
100 1 _aOldenberg, Otto,
_d1888-
_925839
245 1 0 _aModern physics for engineers /
_cOtto Oldenberg [and] Norman C. Rasmussen.
260 _aNew York :
_bMcGraw-Hill,
_cc1966
300 _axi, 477 p. :
_bill. ;
_c24 cm.
500 _aBased on Oldenberg's Introduction to atomic and nuclear physics, first published in 1949 under title: Introduction to atomic physics.
504 _aBibliography: p. 457-460.& index
650 0 _aPhysics.
_925840
700 1 _aRasmussen, Norman C.
_ejoint author.
_925842
942 _2ddc
_cBK
999 _c8285
_d8285